| 000 | 00454nam a2200169 i 4500 | ||
|---|---|---|---|
| 001 | 33399 | ||
| 003 | ES-MaACL | ||
| 005 | 20241012063104.0 | ||
| 007 | t| | ||
| 008 | 030202s1932 fr ||||1| fre d | ||
| 100 | 0 |
_aBilly, André, _d1882-1971 _928895 |
|
| 245 | 1 | 0 |
_aIntimites litteraires / _cAndré Billy. |
| 260 |
_aParis : _bFlammarion, _c1932. |
||
| 300 |
_a248 p. ; _c19 cm. |
||
| 852 |
_aES-MaACL _jA-672 |
||
| 999 |
_c33399 _d33399 |
||